1,426 salawikain ng ating lahi / (Record no. 10009)

MARC details
000 -LEADER
fixed length control field 00552nam a22001817a 4500
003 - CONTROL NUMBER IDENTIFIER
control field OSt
005 - DATE AND TIME OF LATEST TRANSACTION
control field 20260508051822.0
008 - FIXED-LENGTH DATA ELEMENTS--GENERAL INFORMATION
fixed length control field 260428b |||||||| |||| 00| 0 eng d
020 ## - INTERNATIONAL STANDARD BOOK NUMBER
International Standard Book Number 971-8970-59-2.
040 ## - CATALOGING SOURCE
Original cataloging agency DWCL-Main Lib
Transcribing agency OC
082 ## - DEWEY DECIMAL CLASSIFICATION NUMBER
Classification number Res. 398.9 Si39on 1999
100 ## - MAIN ENTRY--PERSONAL NAME
Personal name Silverio, Julio F.
245 ## - TITLE STATEMENT
Title 1,426 salawikain ng ating lahi /
Statement of responsibility, etc. Silverio, Julio F.
260 ## - PUBLICATION, DISTRIBUTION, ETC.
Place of publication, distribution, etc. Silverio. Metro Manila :
Name of publisher, distributor, etc. M & L Enterprises,
Date of publication, distribution, etc. c1999.
300 ## - PHYSICAL DESCRIPTION
Extent 180 p. ;
Dimensions 18 cm.
650 ## - SUBJECT ADDED ENTRY--TOPICAL TERM
Topical term or geographic name entry element Proverbs - Filipino Language.
942 ## - ADDED ENTRY ELEMENTS (KOHA)
Source of classification or shelving scheme Dewey Decimal Classification
Koha item type Book- Reserved
Call number suffix Res.
Suppress in OPAC No
952 ## - LOCATION AND ITEM INFORMATION (KOHA)
--
952 ## - LOCATION AND ITEM INFORMATION (KOHA)
--
Holdings
Withdrawn status Lost status Source of classification or shelving scheme Damaged status Not for loan Home library Current library Shelving location Date acquired Source of acquisition Cost, normal purchase price Total Checkouts Full call number Barcode Date last seen Copy number Price effective from Koha item type Uniform Resource Identifier
    Dewey Decimal Classification     Junior High School Library Junior High School Library Reserved 11/23/2009 Donation 112.00   Res. 398.9 Si39on 1999 JHS - 15391 04/28/2026 c4 04/28/2026 BK-0 CIRC
    Dewey Decimal Classification     Junior High School Library Junior High School Library Reserved 11/23/2009 Donation 112.00   Res. 398.9 Si39on 1999 JHS - 15390 04/28/2026 c5 04/28/2026 BK-0 CIRC